Marjorie Phillips and her paintings / (Record no. 21781)
[ view plain ]
| 000 -LEADER | |
|---|---|
| fixed length control field | 00935cam a2200277 a 4500 |
| 001 - CONTROL NUMBER | |
| control field | 2387357 |
| 005 - DATE AND TIME OF LATEST TRANSACTION | |
| control field | 20170123092339.0 |
| 008 - FIXED-LENGTH DATA ELEMENTS--GENERAL INFORMATION | |
| fixed length control field | 850821s1985 nyua 001 0aeng |
| 010 ## - LIBRARY OF CONGRESS CONTROL NUMBER | |
| LC control number | 85021411 |
| 020 ## - INTERNATIONAL STANDARD BOOK NUMBER | |
| International Standard Book Number | 0393022900 |
| 050 00 - LIBRARY OF CONGRESS CALL NUMBER | |
| Classification number | ND237 .P473A2 1985 |
| 100 1# - MAIN ENTRY--PERSONAL NAME | |
| Personal name | Phillips, Marjorie, |
| Dates associated with a name | 1895- |
| 245 10 - TITLE STATEMENT | |
| Title | Marjorie Phillips and her paintings / |
| Statement of responsibility, etc. | by Marjorie Phillips ; edited by Sylvia Partridge. |
| 250 ## - EDITION STATEMENT | |
| Edition statement | 1st ed. |
| 260 ## - PUBLICATION, DISTRIBUTION, ETC. (IMPRINT) | |
| Place of publication, distribution, etc. | New York : |
| Name of publisher, distributor, etc. | W.W. Norton, |
| Date of publication, distribution, etc. | c1985. |
| 300 ## - PHYSICAL DESCRIPTION | |
| Extent | x, 125 p. : |
| Other physical details | ill. (some col.) ; |
| Dimensions | 25 cm. x 30 cm. |
| 500 ## - GENERAL NOTE | |
| General note | Includes index. |
| 600 10 - SUBJECT ADDED ENTRY--PERSONAL NAME | |
| Personal name | Phillips, Marjorie, |
| Dates associated with a name | 1895- |
| 650 #0 - SUBJECT ADDED ENTRY--TOPICAL TERM | |
| Topical term or geographic name as entry element | Painters |
| Geographic subdivision | United States |
| General subdivision | Biography. |
| 700 1# - ADDED ENTRY--PERSONAL NAME | |
| Personal name | Partridge, Sylvia. |
| 942 ## - ADDED ENTRY ELEMENTS (KOHA) | |
| Source of classification or shelving scheme | |
| Koha item type | Hard Covered Materials |
| Classification part | ND237 .P473A2 1985 |
| Withdrawn status | Lost status | Source of classification or shelving scheme | Damaged status | Not for loan | Home library | Current library | Shelving location | Date acquired | Source of acquisition | Total Checkouts | Full call number | Barcode | Date last seen | Price effective from | Koha item type |
|---|---|---|---|---|---|---|---|---|---|---|---|---|---|---|---|
| MACHAKOS UNIVERSITY LIBRARY | MACHAKOS UNIVERSITY LIBRARY | Technical section | 23/01/2017 | Donation(BFA) | ND237 .P473A2 1985 | 31350 | 07/08/2018 | 23/01/2017 | Hard Covered Materials |